PSG 21st Century best starting XI - Statistics

General Stats
  • This quiz has been taken 370 times
  • The average score is 8 of 11
Answer Stats
Position Player % Correct
RW Mbappé
94%
GK Donnarumma
92%
CB Marquinhos
91%
RB Hakimi
89%
CB Thiago Silva
89%
ST Cavani
86%
ST Zlatan Ibrahimović
85%
CM Di María
58%
CM Veratti
42%
LB Bernat
33%
LW Neymar Jr
18%
No matching quizzes found
Score Distribution
Percent of People with Each Score
Percentile by Number Answered
Your Score History
You have not taken this quiz